000 00734nam a2200289Ia 4500
005 20260324122253.0
008 008 260324s9999 xx 000 0 eng d
020 _a9780203074725
037 _aEBOOK
040 _aCRL
040 _beng
040 _cCRL
041 _2eng
041 _aeng
084 _qCRL
100 _aMitja Grbec
_91165800
245 4 _aThe Extension of Coastal State Jurisdiction in Enclosed or Semi-Enclosed Seas
245 2 _bA Mediterranean and Adriatic Perspective
260 _bTaylor and Francis
260 _c2013
365 _a
365 _b240
856 _uhttp://www.taylorfrancis.com/books/9780203074725
942 _cEBOOK
999 _c1758396
_d1758396